000 00405nam a2200145Ia 4500
005 20251222153521.0
008 251222s9999||||xx |||||||||||||| ||spa||
020 _a8475927688
082 _a600/F23
100 _aGarcía Criado, Emilio Idelfonso
245 0 _aAbordaje de la Cefalea desde Atención Primaria
250 _a1ra.ed.
264 _bScientific Communication Management, S.L.
942 _cLIB
999 _c29733
_d29733